[Event "European Blitz 2017"]
[Site "Katowice POL"]
[Date "2017.12.15"]
[Round "11.3"]
[White "Jaracz, Pawel"]
[Black "Mastrovasilis, Dimitrios"]
[Result "1/2-1/2"]
[WhiteTitle "GM"]
[BlackTitle "GM"]
[WhiteElo "2465"]
[BlackElo "2582"]
[WhiteFideId "1102222"]
[BlackFideId "4202694"]
[EventDate "2017.12.15"]
[EventType "blitz"]

1. Nf3 d5 2. c4 c6 3. e3 Nf6 4. Nc3 e6 5. b3 Bd6 6. Qc2 O-O 7. Be2 e5 8. cxd5
cxd5 9. Nb5 Nc6 10. Nxd6 Qxd6 11. Bb2 Bg4 12. d3 Rac8 13. Qd1 d4 14. e4 Qb4+ 15.
Kf1 Rc7 16. h3 Bxf3 17. Bxf3 Rfc8 18. Rc1 Nd8 19. Rxc7 Rxc7 20. g3 Qc5 21. Kg2
Qc2 22. Qb1 h6 23. Rc1 Qxb1 24. Rxb1 Rc2 25. Bd1 Rc5 26. Rc1 Ne6 27. Rxc5 Nxc5
28. Bc2 a5 29. f4 Nfd7 30. a3 f6 31. b4 axb4 32. axb4 Na6 33. Bb3+ Kf8 34. b5
Nac5 35. Bc4 Ke7 36. Ba3 b6 37. Kf3 Kd6 38. h4 Nf8 39. f5 Nd7 40. g4 Ke7 41. g5
hxg5 42. hxg5 fxg5 43. Kg4 g6 44. Kxg5 gxf5 45. Kxf5 Kd6 46. Bc1 Nf8 47. Bh6
Nfd7 48. Bg7 Na4 49. Be6 Nac5 50. Bc4 Na4 1/2-1/2

[Event "European Blitz 2017"]
[Site "Katowice POL"]
[Date "2017.12.15"]
[Round "11.4"]
[White "Andriasian, Zaven"]
[Black "Kovalev, Vladislav"]
[Result "1-0"]
[WhiteTitle "GM"]
[BlackTitle "GM"]
[WhiteElo "2585"]
[BlackElo "2639"]
[WhiteFideId "13302000"]
[BlackFideId "13504398"]
[EventDate "2017.12.15"]
[EventType "blitz"]

1. e4 e5 2. Nf3 Nc6 3. Bc4 Bc5 4. O-O Nf6 5. d3 O-O 6. Nbd2 a6 7. Bb3 d6 8. c3
Ba7 9. h3 h6 10. Re1 Nh5 11. Nf1 Qf6 12. Ne3 Nf4 13. Ng4 Qg6 14. Bxf4 exf4 15.
d4 Bxg4 16. hxg4 Qxg4 17. a4 Ne7 18. Qd3 Rad8 19. Bc2 Ng6 20. e5 dxe5 21. Nxe5
Qg5 22. Nxg6 fxg6 23. Re6 Rf6 24. Rxf6 Qxf6 25. Qxg6 Qxg6 26. Bxg6 c5 27. dxc5
Bxc5 28. Re1 Kf8 29. Re4 Bd6 30. b4 Rc8 31. Kf1 b5 32. Re6 Rd8 33. a5 Kg8 34.
Ke2 Kf8 35. Kf3 Be7 36. Rxa6 Bf6 37. Rc6 Ke7 38. a6 Kd7 39. Rxf6 gxf6 40. Be4 f5
41. Bxf5+ Kc7 42. Be4 Kb6 43. Bb7 Rd3+ 44. Kxf4 Rxc3 45. Ke5 Rc4 46. f4 Rxb4 47.
f5 Rg4 48. f6 Rg8 49. f7 Rb8 50. Kf6 b4 51. Kg7 b3 52. f8=Q Rxf8 53. Kxf8 b2 54.
Be4 Kxa6 55. Kg7 1-0

[Event "European Blitz 2017"]
[Site "Katowice POL"]
[Date "2017.12.15"]
[Round "11.5"]
[White "Schneider, Ilja"]
[Black "Michalik, Peter"]
[Result "0-1"]
[WhiteTitle "IM"]
[BlackTitle "GM"]
[WhiteElo "2517"]
[BlackElo "2557"]
[WhiteFideId "4663306"]
[BlackFideId "14907526"]
[EventDate "2017.12.15"]
[EventType "blitz"]

1. d4 d5 2. c4 c6 3. Nf3 Nf6 4. Nc3 e6 5. e3 Nbd7 6. Qc2 Bd6 7. e4 dxe4 8. Nxe4
Nxe4 9. Qxe4 Bb4+ 10. Bd2 Bxd2+ 11. Nxd2 c5 12. dxc5 Qc7 13. Qd4 O-O 14. Qd6
Qxc5 15. Qxc5 Nxc5 16. O-O-O b6 17. b4 Na6 18. a3 Bb7 19. Rg1 Nc7 20. Kb2 a5 21.
Bd3 axb4 22. axb4 Ra4 23. Bc2 Rxb4+ 24. Kc3 Na6 25. Ra1 Rc8 26. Bd3 b5 27. Rxa6
Rbxc4+ 28. Bxc4 Bxa6 29. Ra1 Bb7 30. g3 Bd5 31. Ra7 Bxc4 32. Kd4 Rd8+ 33. Kc3 h6
34. Rb7 Rd3+ 35. Kc2 Ra3 36. Rc7 Bd5 37. Nf1 Ra2+ 0-1

[Event "European Blitz 2017"]
[Site "Katowice POL"]
[Date "2017.12.15"]
[Round "11.6"]
[White "Chigaev, Maksim"]
[Black "Warakomski, Tomasz"]
[Result "1-0"]
[WhiteTitle "GM"]
[BlackTitle "GM"]
[WhiteElo "2555"]
[BlackElo "2537"]
[WhiteFideId "4108116"]
[BlackFideId "1124552"]
[EventDate "2017.12.15"]
[EventType "blitz"]

1. e4 c5 2. Nf3 e6 3. d4 cxd4 4. Nxd4 a6 5. a3 b5 6. g3 Bb7 7. Bg2 d6 8. O-O Qc7
9. Nc3 Nf6 10. f4 Nbd7 11. g4 e5 12. Nf5 g6 13. Ne3 exf4 14. Rxf4 Bg7 15. g5 Nh5
16. Ned5 Qc5+ 17. Be3 Qxe3+ 18. Nxe3 Nxf4 19. Qxd6 Be5 20. Qb4 Rc8 21. Rd1 Nc5
22. Ng4 Bxc3 23. bxc3 Ke7 24. Bf1 Ne6 25. h4 Bxe4 26. Nf6 Bc6 1-0

[Event "European Blitz 2017"]
[Site "Katowice POL"]
[Date "2017.12.15"]
[Round "11.7"]
[White "Kovalev, Denis"]
[Black "Tomczak, Jacek"]
[Result "1-0"]
[WhiteTitle "IM"]
[BlackTitle "GM"]
[WhiteElo "2504"]
[BlackElo "2588"]
[WhiteFideId "14104059"]
[BlackFideId "1124668"]
[EventDate "2017.12.15"]
[EventType "blitz"]

1. Nf3 Nf6 2. c4 g6 3. b4 Bg7 4. Bb2 O-O 5. g3 d6 6. Bg2 e5 7. d3 Nbd7 8. O-O c6
9. Nbd2 Qc7 10. Qb3 Re8 11. Rac1 Nf8 12. b5 Bg4 13. h3 Bd7 14. Ng5 Ne6 15. Nxe6
Bxe6 16. bxc6 bxc6 17. Qa4 Rac8 18. Rc2 h5 19. Nf3 Bd7 20. Ng5 Bh6 21. Bc1 Bg7
22. Be3 c5 23. Qa6 Rb8 24. Bd2 Bc8 25. Qa3 a6 26. Rb2 Bb7 27. Bxb7 Rxb7 28. Rxb7
Qxb7 29. Qb3 Qxb3 30. axb3 Rb8 31. Rb1 Nd7 32. Ne4 Bf8 33. Nc3 f5 34. Nd5 Kf7
35. Kg2 Nf6 36. Nc7 Rb6 37. b4 Rc6 38. Na8 Nd7 39. bxc5 Nxc5 40. Nb6 Rc7 41. Be3
Rb7 42. Bxc5 dxc5 43. Rb2 Ke6 44. Kf3 Bg7 45. e4 Bh6 46. Na4 Rxb2 47. Nxb2 Kd6
48. Na4 Bd2 49. Ke2 Ba5 50. f3 fxe4 51. dxe4 Kc6 52. f4 Kd6 53. Kf3 Be1 54. f5
g5 55. g4 h4 56. Ke2 Ba5 57. Kd3 Bd8 58. Nc3 Kc6 59. Nd5 Kd6 60. Kc3 Kc6 61. Kb3
Kd6 62. Ka4 Kd7 63. Nc3 Kd6 64. Ne2 Kc6 65. Ng1 Kb6 66. Nf3 Bf6 67. Nd2 Bd8 68.
Nb1 Kc6 69. Nc3 Kd6 70. Nd5 Kd7 71. Kb3 Kd6 72. Ne3 Kd7 73. Nd1 Kd6 74. Nf2 Kc6
75. Nd3 Bf6 76. Ka3 Bg7 77. Ka4 Kb6 78. Ne1 Bf6 79. Nf3 Ka7 80. Ng1 Kb6 81. Ne2
Kb7 82. Nc3 Kc6 83. Ka5 Kb7 84. Nd5 Bd8+ 85. Ka4 Kc6 86. f6 Kd6 87. f7 Be7 88.
Ka5 Bf8 89. Kxa6 Ke6 90. Kb6 Kxf7 91. Kc6 Ke6 92. Nb6 Be7 93. Na4 Bf8 94. Nxc5+
Ke7 95. Kd5 Ke8 96. Nd3 Kd7 97. Nxe5+ Kc7 98. Nf3 Kb6 99. Nxg5 Be7 100. Nf3 Kc7
101. g5 Kd7 102. c5 Kc7 103. g6 Bf6 104. e5 Bg7 105. e6 Kd8 106. c6 Bf6 107. Nd4
Kc7 108. Nf5 1-0

[Event "European Blitz 2017"]
[Site "Katowice POL"]
[Date "2017.12.15"]
[Round "11.8"]
[White "Zwardon, Vojtech"]
[Black "Navara, David"]
[Result "0-1"]
[WhiteTitle "IM"]
[BlackTitle "GM"]
[WhiteElo "2408"]
[BlackElo "2740"]
[WhiteFideId "325511"]
[BlackFideId "309095"]
[EventDate "2017.12.15"]
[EventType "blitz"]

1. c4 e5 2. g3 c6 3. Nf3 e4 4. Nd4 d5 5. cxd5 Qxd5 6. e3 Nf6 7. Nc3 Qe5 8. d3
Bb4 9. Bg2 O-O 10. O-O Rd8 11. Nxe4 Nxe4 12. dxe4 c5 13. Nf3 Qe7 14. Qc2 Nc6 15.
a3 Ba5 16. b3 Bg4 17. Nd2 Be2 18. Re1 Bd3 19. Qb2 Bxe4 20. Bxe4 Bxd2 21. Bxh7+
Kxh7 22. Bxd2 Ne5 23. Qc2+ Kg8 24. Kg2 Nd3 25. Red1 Qe4+ 26. Kg1 Nxf2 27. Qxe4
Nxe4 28. Be1 f5 29. Kf1 Kf7 30. Ke2 Ke6 31. Rxd8 Rxd8 32. h4 b5 33. Rc1 g6 34.
Kf3 Rd3 35. a4 b4 36. Rb1 Rd2 37. g4 Rh2 38. h5 gxh5 39. gxf5+ Kxf5 40. Rd1 Rh3+
41. Ke2 Ke5 42. Rd8 Rh2+ 43. Kf3 Ng5+ 44. Kg3 Re2 45. Rd1 Rxe3+ 46. Kh4 Nf3+ 0-1

[Event "European Blitz 2017"]
[Site "Katowice POL"]
[Date "2017.12.15"]
[Round "11.10"]
[White "Aleksandrov, Aleksej"]
[Black "McShane, Luke J"]
[Result "0-1"]
[WhiteTitle "GM"]
[BlackTitle "GM"]
[WhiteElo "2589"]
[BlackElo "2640"]
[WhiteFideId "13500139"]
[BlackFideId "404853"]
[EventDate "2017.12.15"]
[EventType "blitz"]

1. Nf3 Nf6 2. e3 c5 3. d4 g6 4. dxc5 Qa5+ 5. Nbd2 Qxc5 6. a3 Bg7 7. b4 Qc7 8.
Bb2 O-O 9. Be2 b6 10. c4 Bb7 11. O-O d6 12. Qb3 Nbd7 13. Rac1 Rac8 14. Rfd1 Qb8
15. Nb1 Ne4 16. Bxg7 Kxg7 17. Nfd2 Ndf6 18. Nxe4 Bxe4 19. Nc3 Bc6 20. Bf1 Rc7
21. f3 Qc8 22. e4 Qe6 23. Nd5 Rcc8 24. Qb2 h5 25. h4 Rfd8 26. g3 Re8 27. Kh2 Qe5
28. Qxe5 dxe5 29. Kg2 Nd7 30. Kf2 Kf8 31. Bh3 e6 32. Nc3 Ke7 33. Bf1 f5 34. exf5
gxf5 35. Be2 Nf6 36. Nb5 Bxb5 37. cxb5 Nd5 38. Rc6 Rcd8 39. Bc4 Rd6 40. Bxd5
exd5 41. Rc7+ Kf6 42. Rdc1 e4 43. R1c6 Rd8 44. Rxa7 Ke5 45. Re7+ Kd4 46. Ke2
R6d7 47. Rxd7 Rxd7 48. Rxb6 Rg7 49. fxe4 fxe4 50. a4 Rxg3 51. a5 Rg2+ 52. Kf1
Ra2 53. a6 Ke3 54. Rg6 d4 55. Rg3+ Kf4 56. Rg8 d3 57. Ke1 e3 58. Rf8+ Ke4 59.
Re8+ Kd4 60. Rd8+ Kc4 61. Kf1 Ra1+ 62. Kg2 e2 63. Re8 Kxb5 64. Kf2 Rf1+ 65. Kg3
e1=Q+ 0-1

[Event "European Blitz 2017"]
[Site "Katowice POL"]
[Date "2017.12.15"]
[Round "11.11"]
[White "Moskalenko, Alexander"]
[Black "Saric, Ivan"]
[Result "1/2-1/2"]
[WhiteTitle "IM"]
[BlackTitle "GM"]
[WhiteElo "2522"]
[BlackElo "2669"]
[WhiteFideId "4155351"]
[BlackFideId "14508150"]
[EventDate "2017.12.15"]
[EventType "blitz"]

1. Nf3 Nf6 2. d4 g6 3. Nbd2 c5 4. dxc5 Qa5 5. a3 Qxc5 6. b4 Qc7 7. Bb2 Bg7 8. c4
d6 9. e3 O-O 10. Be2 b6 11. O-O Bb7 12. Qb3 Nbd7 13. Rfc1 a6 14. h3 Rac8 15. Qd1
Rfd8 16. Nd4 Ne5 17. N4b3 Qb8 18. Bd4 Ned7 19. Bf3 e5 20. Bxb7 Qxb7 21. Bb2 d5
22. Qe2 dxc4 23. Rxc4 Rxc4 24. Nxc4 Qd5 25. Rd1 Qb5 26. Kf1 Rc8 27. Nd6 Qxe2+
28. Kxe2 Rc6 29. Rd2 Kf8 30. b5 axb5 31. Nxb5 Ke8 32. f3 Bf8 33. g4 h5 34. g5
Nh7 35. h4 f6 36. gxf6 Nhxf6 37. e4 Be7 38. Nc1 Rc5 39. a4 Rc4 40. Nd3 Rxa4 41.
Nxe5 Nxe5 42. Bxe5 Kf7 43. Bd6 Ne8 44. Bxe7 Kxe7 45. Rb2 Rc4 46. Kd3 Rc6 47. Nc3
Nc7 48. Kd4 Rd6+ 49. Ke3 Rc6 50. Rb3 Kf7 51. Nb5 Nxb5 52. Rxb5 Kf6 53. Kf4 Re6
54. Ke3 Rc6 55. Kd4 Ke6 56. f4 Rd6+ 57. Ke3 Rc6 58. Rg5 Kf7 59. Kd4 Rd6+ 60. Kc4
Rc6+ 61. Kd3 Rd6+ 62. Ke3 Rf6 63. Rd5 Rc6 64. Rd7+ Ke6 65. Rg7 Kf6 66. Rb7 Ke6
67. Rb8 Kf7 68. Kd4 Rd6+ 69. Ke5 Re6+ 70. Kd5 Rf6 71. e5 Rxf4 72. Rb7+ Kf8 73.
Ke6 Rxh4 74. Kf6 Rf4+ 75. Kxg6 h4 76. Kg5 Rf7 77. Rxb6 h3 78. e6 Rf2 79. Rb7 h2
80. Rh7 Ke8 81. Kg4 Re2 82. Kf3 Rxe6 1/2-1/2

[Event "European Blitz 2017"]
[Site "Katowice POL"]
[Date "2017.12.15"]
[Round "11.12"]
[White "Plat, Vojtech"]
[Black "Tari, Aryan"]
[Result "1/2-1/2"]
[WhiteTitle "GM"]
[BlackTitle "GM"]
[WhiteElo "2567"]
[BlackElo "2593"]
[WhiteFideId "325740"]
[BlackFideId "1510045"]
[EventDate "2017.12.15"]
[EventType "blitz"]

1. e4 c6 2. d4 d5 3. exd5 cxd5 4. c4 Nf6 5. Nc3 Nc6 6. Nf3 Bg4 7. cxd5 Nxd5 8.
Qb3 Bxf3 9. gxf3 Nb6 10. d5 Nd4 11. Qd1 e5 12. dxe6 fxe6 13. Be3 Nf5 14. Bb5+
Kf7 15. Qb3 Nxe3 16. fxe3 Qh4+ 17. Ke2 Be7 18. Rag1 Qb4 19. Qxb4 Bxb4 20. Ne4
Be7 21. Rc1 Rac8 22. Bd3 Rxc1 23. Rxc1 Rc8 24. Rxc8 Nxc8 25. Bc4 Nd6 26. Nxd6+ 1/2-1/2

[Event "European Blitz 2017"]
[Site "Katowice POL"]
[Date "2017.12.15"]
[Round "11.13"]
[White "Manik, Mikulas"]
[Black "Kovalenko, Igor"]
[Result "0-1"]
[WhiteTitle "GM"]
[BlackTitle "GM"]
[WhiteElo "2415"]
[BlackElo "2639"]
[WhiteFideId "14900734"]
[BlackFideId "14117908"]
[EventDate "2017.12.15"]
[EventType "blitz"]

1. e4 c6 2. Nf3 d5 3. exd5 cxd5 4. d4 Nc6 5. c4 Nf6 6. Nc3 Be6 7. Bg5 g6 8. Bxf6
exf6 9. Be2 Bg7 10. O-O O-O 11. Qa4 a6 12. Rad1 f5 13. Rfe1 Re8 14. Bf1 Bd7 15.
Rxe8+ Bxe8 16. Qa3 dxc4 17. Bxc4 b5 18. Bd5 b4 19. Qa4 bxc3 20. Bxc6 Bxc6 21.
Qxc6 cxb2 22. Rb1 Rb8 23. Qxa6 Bxd4 24. g3 Bf6 25. a4 Kg7 26. Qe2 Rb3 27. Kg2
Qd5 28. h4 Ra3 29. Rd1 Qb3 30. h5 b1=R 31. h6+ Kxh6 32. Rxb1 Qxb1 33. Qd2+ Kg7 0-1

[Event "European Blitz 2017"]
[Site "Katowice POL"]
[Date "2017.12.15"]
[Round "11.14"]
[White "Buhmann, Rainer"]
[Black "Meskovs, Nikita"]
[Result "1-0"]
[WhiteTitle "GM"]
[BlackTitle "GM"]
[WhiteElo "2584"]
[BlackElo "2538"]
[WhiteFideId "4651340"]
[BlackFideId "11602740"]
[EventDate "2017.12.15"]
[EventType "blitz"]

1. Nf3 Nf6 2. c4 e6 3. g3 b6 4. Bg2 Bb7 5. O-O Be7 6. Nc3 O-O 7. Re1 d5 8. cxd5
exd5 9. d4 Re8 10. Bf4 a6 11. Qc2 Nbd7 12. Rad1 Nf8 13. Ne5 Ne6 14. Bc1 Bd6 15.
Nf3 Rc8 16. Ng5 Nf8 17. Bh3 Ra8 18. a3 b5 19. Bg2 Rc8 20. Bh3 Ra8 21. Bf4 Bxf4
22. gxf4 Ng6 23. e3 Nh4 24. Qe2 h6 25. Nf3 Ne4 26. Nxe4 dxe4 27. Nxh4 Qxh4 28.
Qg4 Qd8 29. Rc1 Re6 30. f5 Rd6 31. Rc5 Bd5 32. Kh1 c6 33. Rg1 Qf6 34. Qf4 Re8
35. Bg4 Rd7 36. Rcc1 a5 37. Rg3 Kh8 38. Rcg1 Rg8 39. Bh3 b4 40. axb4 axb4 41.
Ra1 Qd6 42. Qxd6 Rxd6 43. Rgg1 Rb8 44. Ra7 h5 45. Rc1 Kh7 46. Rc5 Kh6 47. Bf1 g6
48. Bc4 gxf5 49. Bxd5 cxd5 50. Rxf7 Rg8 51. Rxf5 Rdg6 52. Rc1 Rg5 53. Rf6+ R8g6
54. Rxg6+ Rxg6 55. Rc5 Rg5 56. h4 Rg4 57. Rxd5 Rxh4+ 58. Kg2 Rg4+ 59. Kh3 Rg1
60. Rb5 Rh1+ 61. Kg2 Rb1 62. Rxb4 Kg5 63. d5 Kf5 64. d6 Ke6 65. Rxe4+ Kxd6 66.
b4 Kd5 67. Rh4 Ke6 68. Kf3 Rb2 69. Rxh5 Rxb4 70. e4 Rb2 71. Ke3 Kf6 72. Ra5 Ke6
73. f3 Kf6 74. Kf4 Ke6 75. Ra6+ Ke7 76. Kf5 Rb5+ 77. e5 1-0

[Event "European Blitz 2017"]
[Site "Katowice POL"]
[Date "2017.12.15"]
[Round "11.15"]
[White "Fridman, Daniel"]
[Black "Fedorov, Alexei"]
[Result "1/2-1/2"]
[WhiteTitle "GM"]
[BlackTitle "GM"]
[WhiteElo "2633"]
[BlackElo "2573"]
[WhiteFideId "11600454"]
[BlackFideId "13500465"]
[EventDate "2017.12.15"]
[EventType "blitz"]

1. Nf3 Nf6 2. g3 g6 3. Bg2 Bg7 4. O-O O-O 5. d4 d6 6. b3 c5 7. c4 Nc6 8. Bb2 Ne4
9. Nbd2 Bf5 10. Nh4 Nxd2 11. Qxd2 Nxd4 12. Bxd4 Bxd4 13. Nxf5 gxf5 14. Rab1 e6
15. b4 Rb8 16. Rfd1 b6 17. b5 Qe7 18. e3 Be5 19. f4 Bf6 20. Qxd6 Qxd6 21. Rxd6
Rfd8 22. Rxd8+ Rxd8 23. Rb3 Rd1+ 24. Bf1 Ra1 25. Ra3 Bb2 26. Rxa7 Bc3 27. Kf2
Ba5 28. Be2 Rxa2 29. Kf3 Ra3 30. Rd7 Rc3 31. Bd3 Rc1 32. g4 fxg4+ 33. Kxg4 h6
34. Kf3 Kf8 35. Be2 Rh1 36. Kg2 Re1 37. Bh5 Rxe3 38. Rxf7+ Kg8 39. Rf6 Kg7 40.
Rg6+ Kh7 41. Rf6 Kg7 42. Rf7+ Kg8 43. Ra7 Re4 44. Kf3 Rxc4 45. Bf7+ Kf8 46. Bxe6
Rc1 47. f5 Rf1+ 48. Ke4 Bc3 49. Rb7 Ba5 50. Ke5 Bc3+ 51. Kd6 Ba5 52. Rh7 c4 53.
Bxc4 Rxf5 54. Rxh6 Kg7 55. Rh3 Kf6 56. Bd5 Bb4+ 57. Kc6 Bc5 58. Rc3 Bd4 59. Rc4
Bf2 60. Re4 Kg5 61. h4+ Kf6 62. Re6+ Kg7 63. Re4 Rf6+ 64. Be6 Rh6 65. Kb7 Rxh4
66. Rxh4 Bxh4 1/2-1/2

[Event "European Blitz 2017"]
[Site "Katowice POL"]
[Date "2017.12.15"]
[Round "11.16"]
[White "Piorun, Kacper"]
[Black "Pavlidis, Antonios"]
[Result "1-0"]
[WhiteTitle "GM"]
[BlackTitle "GM"]
[WhiteElo "2651"]
[BlackElo "2539"]
[WhiteFideId "1130420"]
[BlackFideId "4212312"]
[EventDate "2017.12.15"]
[EventType "blitz"]

1. e4 c5 2. Nc3 e6 3. Nf3 Nc6 4. d4 cxd4 5. Nxd4 Qc7 6. g3 a6 7. Bg2 d6 8. Nxc6
bxc6 9. O-O c5 10. Na4 Bb7 11. c4 Ne7 12. Be3 Nc6 13. a3 Be7 14. Rb1 O-O 15. b4
Ne5 16. Qe2 cxb4 17. Nb6 Rab8 18. axb4 Nd7 19. Nxd7 Qxd7 20. Qd3 Qc7 21. Bf4 e5
22. Be3 Rfc8 23. Rfc1 Qd7 24. h3 h6 25. Kh2 Ba8 26. Qa3 Bb7 27. Qd3 Ba8 28. Bf3
f5 29. Bg2 Qb7 30. Qd5+ Qxd5 31. exd5 Kf7 32. c5 e4 33. c6 Rb5 34. Bf1 Bf6 35.
Bxb5 axb5 36. Rd1 g5 37. Bd4 f4 38. Bxf6 Kxf6 39. Ra1 Ke5 40. Kg2 Rf8 41. Ra7 h5
42. Re7+ Kf5 43. Ra1 1-0

[Event "European Blitz 2017"]
[Site "Katowice POL"]
[Date "2017.12.15"]
[Round "11.17"]
[White "Stupak, Kirill"]
[Black "Rodshtein, Maxim"]
[Result "1-0"]
[WhiteTitle "GM"]
[BlackTitle "GM"]
[WhiteElo "2588"]
[BlackElo "2699"]
[WhiteFideId "13503758"]
[BlackFideId "2806851"]
[EventDate "2017.12.15"]
[EventType "blitz"]

1. d4 d5 2. Nf3 Nf6 3. g3 c6 4. Bg2 Bf5 5. O-O e6 6. c4 Nbd7 7. Nc3 h6 8. Qb3
Qb6 9. c5 Qc7 10. Bf4 Qc8 11. Nd2 g5 12. Bd6 Bxd6 13. cxd6 O-O 14. f3 c5 15. e4
Bg6 16. Rac1 Qc6 17. e5 Ne8 18. f4 Ng7 19. Nf3 Qb6 20. Na4 Qxb3 21. axb3 cxd4
22. Rc7 Rfd8 23. Nxd4 gxf4 24. gxf4 Rab8 25. Rfc1 Nh5 26. Ne2 Bd3 27. Nac3 b6
28. Bf3 Bxe2 29. Nxe2 Ng7 30. Nd4 Nc5 31. Nc6 Nf5 32. Nxb8 Rxb8 33. b4 Nd4 34.
bxc5 1-0

[Event "European Blitz 2017"]
[Site "Katowice POL"]
[Date "2017.12.15"]
[Round "11.18"]
[White "Bartel, Mateusz"]
[Black "Pultinevicius, Paulius"]
[Result "1-0"]
[WhiteTitle "GM"]
[BlackTitle "IM"]
[WhiteElo "2609"]
[BlackElo "2371"]
[WhiteFideId "1112635"]
[BlackFideId "12809390"]
[EventDate "2017.12.15"]
[EventType "blitz"]

1. e4 e5 2. Nf3 Nc6 3. Bb5 a6 4. Ba4 Nf6 5. d3 d6 6. c3 Be7 7. O-O O-O 8. Re1 b5
9. Bc2 d5 10. Nbd2 Bb7 11. Qe2 Re8 12. Nf1 h6 13. Ng3 Bf8 14. a3 g6 15. Bb3 Bg7
16. Be3 d4 17. Bd2 Na5 18. Ba2 c5 19. Rac1 Nc6 20. cxd4 Nxd4 21. Nxd4 cxd4 22.
Qf3 Rc8 23. h4 Rxc1 24. Rxc1 Bc8 25. Qd1 Be6 26. Bxe6 Rxe6 27. h5 Nxh5 28. Nxh5
gxh5 29. Qxh5 Qd7 30. Qf5 Qb7 31. g3 Rc6 32. Qf3 Rxc1+ 33. Bxc1 Qc6 34. Qd1 Qe6
35. Qc2 Bf8 36. Bd2 Qg4 37. Ba5 h5 38. Kf1 h4 39. gxh4 Qxh4 40. Qc8 Kg7 41. Qf5
Qf6 42. Qh5 Bd6 43. Bd2 Qg6 44. Qh3 Qe6 45. Qh4 Be7 46. Qg3+ Kf8 47. Ke2 Ke8 48.
Qg8+ Kd7 49. Ke1 Qg6 50. Qxg6 fxg6 51. Ke2 Ke6 52. Kf3 Bh4 53. Be1 Kf6 54. Kg4
Bg5 55. Ba5 Bc1 56. b3 Bxa3 57. f4 Bd6 58. Bd8+ Kf7 59. f5 gxf5+ 60. Kxf5 Ke8
61. Ba5 Kd7 62. Kf6 Kc6 63. Ke6 b4 64. Bd8 Bc7 65. Bxc7 Kxc7 66. Kxe5 Kc6 67.
Kxd4 Kb5 68. e5 a5 69. e6 Kc6 70. Kc4 Kd6 71. Kb5 Kxe6 72. Kxa5 Kd5 73. Kxb4 Kd4
74. Ka5 1-0

[Event "European Blitz 2017"]
[Site "Katowice POL"]
[Date "2017.12.15"]
[Round "11.19"]
[White "Konopka, Michal"]
[Black "Moranda, Wojciech"]
[Result "0-1"]
[WhiteTitle "IM"]
[BlackTitle "GM"]
[WhiteElo "2381"]
[BlackElo "2593"]
[WhiteFideId "308633"]
[BlackFideId "1122401"]
[EventDate "2017.12.15"]
[EventType "blitz"]

1. Nf3 Nf6 2. c4 e6 3. g3 d5 4. d4 Be7 5. Bg2 O-O 6. O-O c6 7. Qc2 b6 8. b3 Bb7
9. Nc3 Nbd7 10. Rd1 Ba6 11. Nd2 b5 12. e4 dxc4 13. bxc4 bxc4 14. Na4 c5 15. d5
exd5 16. exd5 Ne5 17. Bb2 Bd6 18. Bxe5 Bxe5 19. Rac1 Ng4 20. Nxc4 Bd4 21. Rxd4
cxd4 22. Nc5 Qf6 23. Nxa6 Qxa6 24. Qe4 Nf6 25. Qxd4 Rfd8 26. Ne5 0-1

[Event "European Blitz 2017"]
[Site "Katowice POL"]
[Date "2017.12.15"]
[Round "11.20"]
[White "Wojtaszek, Radoslaw"]
[Black "Berchtenbreiter, Maximilian"]
[Result "1-0"]
[WhiteTitle "GM"]
[BlackTitle "IM"]
[WhiteElo "2736"]
[BlackElo "2387"]
[WhiteFideId "1118358"]
[BlackFideId "24641120"]
[EventDate "2017.12.15"]
[EventType "blitz"]

1. Nf3 Nf6 2. c4 e6 3. Nc3 a6 4. e4 c5 5. e5 Ng4 6. h3 Nh6 7. d4 cxd4 8. Nxd4 g6
9. Bf4 Nc6 10. Nxc6 bxc6 11. Qd2 Rb8 12. Bxh6 Bxh6 13. Qxh6 Rxb2 14. Qc1 Qb6 15.
Be2 Rb4 16. O-O Qd4 17. Qe3 Qxe3 18. fxe3 Kd8 19. Rab1 Rxb1 20. Rxb1 Kc7 21. Ne4
Rf8 22. c5 1-0

[Event "European Blitz 2017"]
[Site "Katowice POL"]
[Date "2017.12.15"]
[Round "11.21"]
[White "Ragger, Markus"]
[Black "Dobrowolski, Piotr"]
[Result "1-0"]
[WhiteTitle "GM"]
[BlackTitle "IM"]
[WhiteElo "2657"]
[BlackElo "2421"]
[WhiteFideId "1610856"]
[BlackFideId "1106236"]
[EventDate "2017.12.15"]
[EventType "blitz"]

1. e4 e6 2. d4 d5 3. exd5 exd5 4. Nf3 Bg4 5. Bd3 Nc6 6. O-O Bd6 7. c3 Nge7 8.
Nbd2 Qd7 9. Re1 O-O-O 10. b4 Rde8 11. Nf1 f6 12. Ne3 Bh5 13. b5 Na5 14. Qa4 b6
15. Nd2 Bg6 16. Bf1 Nf5 17. Nb3 Nxe3 18. Bxe3 Bc2 19. Rec1 Be4 20. Nxa5 bxa5 21.
Qxa5 Kb8 22. c4 dxc4 23. Rxc4 Qc8 24. d5 Qb7 25. Ra4 Bxd5 26. Bxa7+ Kc8 27. Be3
Re7 28. b6 Rhe8 29. Ba6 1-0

[Event "European Blitz 2017"]
[Site "Katowice POL"]
[Date "2017.12.15"]
[Round "11.22"]
[White "Miezis, Normunds"]
[Black "Brunello, Sabino"]
[Result "0-1"]
[WhiteTitle "GM"]
[BlackTitle "GM"]
[WhiteElo "2434"]
[BlackElo "2553"]
[WhiteFideId "11600136"]
[BlackFideId "813613"]
[EventDate "2017.12.15"]
[EventType "blitz"]

1. c4 e5 2. Nc3 d6 3. g3 f5 4. Bg2 Nf6 5. d3 c6 6. e4 Be7 7. Nge2 O-O 8. O-O a5
9. exf5 Bxf5 10. d4 Nbd7 11. h3 Bg6 12. Be3 Qc7 13. f4 exf4 14. Nxf4 Bf7 15. Qd2
Bxc4 16. d5 Bxf1 17. Ne6 Qc8 18. Rxf1 Rf7 19. g4 Ne5 20. Bd4 Nxd5 21. Rxf7 Qxe6
22. Bxd5 cxd5 23. Rf5 g6 24. Rf1 Rf8 25. Rxf8+ Kxf8 26. Bxe5 Qxe5 27. Nxd5 Bg5
28. Qf2+ Kg7 29. Qf3 Qxb2 30. a4 Qd4+ 31. Kg2 Qd2+ 32. Kh1 Qd4 33. Kg2 Qe5 34.
Kh1 Bd8 35. Kg2 Qb2+ 36. Kh1 Qd4 37. Kg2 Qe5 38. Nf4 Qb2+ 39. Kh1 Qb1+ 40. Kg2
Qa2+ 41. Kh1 Qf7 42. Qe4 Bf6 43. Ne6+ Kg8 44. Qd5 Be5 45. Kg2 h6 46. Qc4 b6 47.
Qd5 Kh8 48. Qa8+ Kh7 49. Qd5 Qe7 50. Qc4 Bg7 51. Qe4 Qf6 52. Qd5 Qb2+ 53. Kf3
Qe5 54. Qc4 d5 55. Qc8 Qe4+ 56. Kf2 Bd4+ 57. Nxd4 Qxd4+ 58. Kf3 Qe4+ 59. Kf2 Qe7
60. Qc6 Qc5+ 0-1